00595nam a22001937a 450000500170000001000150001702000260003203500130005803700130007108200130008410000160009724500950011325000110020826000470021927000730026630000260033950000190036570000170038420130910161140.0 aENG-108311 a9789350353370c475.00 aEN-91844 bDBAD/PUB a344.5401 a Kumar,H.L.10aLaw relating to disciplinary proceedings in industries /cby H.L. Kumar [and] Gaurav Kumar a8th ed aNew DelhibUniversal Law Publishing c2013 aC-FF-1A, Dilkhush Industrial Estate, G.T. Karnal RoadbDelhie110033 aliii,402p.c23cm(pbk) aIncludes index aGaurav Kumar